Managing Organizations / Text, Readings and Cases: Second Edition (Record no. 1516)
[ view plain ]
| 000 -LEADER | |
|---|---|
| fixed length control field | 01609cam a22002174a 4500 |
| 005 - ΗΜΕΡΟΜΗΝΙΑ ΚΑΙ ΩΡΑ ΤΕΛΕΥΤΑΙΑΣ ΕΝΗΜΕΡΩΣΗΣ | |
| Πεδίο ελέγχου | 20250605164011.0 |
| 008 - FIXED-LENGTH DATA ELEMENTS--GENERAL INFORMATION | |
| Πεδίο ελέγχου σταθερού μήκους | 250528s ||||||||||||||||||||||||d |
| 035 ## - SYSTEM CONTROL NUMBER | |
| System control number | 15969 |
| 020 ## - ISBN | |
| ISBN | 77076435 |
| 040 ## - ΠΗΓΗ ΚΑΤΑΛΟΓΟΓΡΑΦΗΣΗΣ | |
| Φορέας πρωτότυπης καταλογογράφησης | MC Athens Campus Library |
| Γλώσσα καταλογογράφησης | Ελληνικά, Μοντέρνα (1453-) |
| Modifying agency | MC Athens Campus Library |
| Κανόνες περιγραφικής καταλογογράφησης | AACR2 |
| 245 1# - ΤΙΤΛΟΣ ΚΑΙ ΔΗΛΩΣΗ ΥΠΕΥΘΥΝΟΤΗΤΑΣ | |
| Τίτλος | Managing Organizations / Text, Readings and Cases: Second Edition |
| 250 ## - EDITION STATEMENT | |
| Edition statement | 2nd |
| 260 ## - PUBLICATION, DISTRIBUTION, ETC. | |
| Name of publisher, distributor, etc. | Mcgraw Hill Publishing Company, |
| Date of publication, distribution, etc. | 1999 |
| 300 ## - PHYSICAL DESCRIPTION | |
| Extent | 588 |
| 520 ## - SUMMARY, ETC. | |
| Summary, etc. | An invaluable text which provides a very comprehensive coverage of theory and its application to practice in the Anglo-European context. Contributors, Acknowledgements, Introduction, About This Book, Behavior and Organizations, Organizations and Management and You, The Individual, Attributes of Individuals, Theories of Motivation, Concepts of Learning and Behavior, The Quality of Working Life: Jobs and Job Design, The Group, Group Behavior, Inter-Group Behavior, Decision-Making, Power and Leadership in Organizations, The Organization, Organizational Structure, Organizational Culture, Change in Organizations, Alternative Forms of Organization, The Environment, Classifying Organizational Environments, Understanding Organizational Systems, Environments and Managerial Action: Strategy and Process, International Management, European Business Environment, The National Cultural Environment, Managing the International Organization, Managing in the Future, The New Worker, The New Manager, The New Organization, Author and Subject Index. |
| 700 1# - ΠΡΟΣΘΕΤΗ ΑΝΑΓΡΑΦΗ--ΦΥΣΙΚΟ ΠΡΟΣΩΠΟ | |
| Personal name | Rosenfeld H. Robert |
| 9 (RLIN) | 2016 |
| 700 1# - ΠΡΟΣΘΕΤΗ ΑΝΑΓΡΑΦΗ--ΦΥΣΙΚΟ ΠΡΟΣΩΠΟ | |
| Personal name | Wilson David |
| 9 (RLIN) | 1377 |
| 942 ## - ADDED ENTRY ELEMENTS (KOHA) | |
| Koha item type | Books |
| Τύπος τεκμηρίου | Βιβλιοθήκη | Τρέχουσα τοποθεσία | Barcode | Αριθμός εισαγωγής | Ημερομηνία απόκτησης | Ταξιθετικό σύμβολο | Αριθμός αντιτύπου | Κατάσταση απόσυρσης | Κατάσταση χαμένου | Κατάσταση κατεστραμμένου | Μη δανεισμός | Σύνολο δανεισμών | Ημερομηνία τελευταίας εμφάνισης | Η τιμή ισχύει από |
|---|---|---|---|---|---|---|---|---|---|---|---|---|---|---|
| Books | MC Athens Campus Library | MC Athens Campus Library | 9780000015150 | 2590 | 05/06/2025 | 650.111 ROS | 2 | 05/06/2025 | 05/06/2025 |